[Event "Campeonato Brasileiro Amador 2016 U2000"]
[Site "Esporte Clube Pinheiros"]
[Date "2016.05.28"]
[Round "5.17"]
[White "De Almeida, Guilherme Pereira"]
[Black "Grillo, Carlos Henrique Gome"]
[Result "1-0"]
[WhiteElo "1838"]
[BlackElo "1942"]
[PlyCount "123"]
[EventDate "2016.05.26"]

1. Nf3 c5 2. g3 d5 3. Bg2 Nc6 4. O-O e6 5. d3 Nf6 6. Nbd2 Be7 7. e4 dxe4 8.
dxe4 O-O 9. Re1 Qc7 10. c3 b6 11. Qc2 e5 12. Nf1 Bb7 13. Ne3 Na5 14. Nh4 g6 15.
Nf1 Rfd8 16. Bg5 c4 17. Rad1 Rxd1 18. Qxd1 Rd8 19. Qc2 Qd6 20. Nf3 Bc6 21. N3d2
b5 22. b4 cxb3 23. axb3 Nb7 24. b4 a5 25. bxa5 Nxa5 26. Ra1 Nb7 27. c4 b4 28.
Nb3 Qd3 29. Qxd3 Rxd3 30. Ra8+ Kg7 31. Na5 Nxa5 32. Rxa5 Bd8 33. Ra6 b3 34.
Bxf6+ Kxf6 35. Rxc6+ Ke7 36. Rc5 Bb6 37. Rxe5+ Kd6 38. Rd5+ Rxd5 39. cxd5 Ba5
40. Ne3 Ke5 41. Nd1 Bb4 42. Kf1 Kd4 43. Ke2 f5 44. exf5 gxf5 45. Nb2 Ba3 46.
Nd1 Bb4 47. Bh3 f4 48. Bf5 fxg3 49. hxg3 h6 50. Ne3 Bf8 51. Kd2 Bb4+ 52. Kc1
Be1 53. Ng4 h5 54. Kd1 Bb4 55. Ne3 Be7 56. Bb1 Kc3 57. Nf5 Bf6 58. d6 Kc4 59.
Nh6 Kd5 60. d7 Ke6 61. Bf5+ Ke5 62. Bg6 1-0

[Event "Campeonato Brasileiro Amador 2016 U2000"]
[Site "Esporte Clube Pinheiros"]
[Date "2016.05.28"]
[Round "5.18"]
[White "Aparecido Silva, Haroldo"]
[Black "De Arruda Filho, Nivaldo Jesus"]
[Result "0-1"]
[WhiteElo "1865"]
[BlackElo "1937"]
[PlyCount "92"]
[EventDate "2016.05.26"]

1. e4 e6 2. d4 d5 3. Nc3 dxe4 4. Nxe4 Bd7 5. Nf3 Bc6 6. Bd3 Nd7 7. O-O Ngf6 8.
Qe2 g6 9. c4 Bxe4 10. Bxe4 Nxe4 11. Qxe4 c6 12. Qe2 Nf6 13. b3 Bg7 14. Ba3 Qa5
15. Bd6 O-O-O 16. Qe5 Qxe5 17. dxe5 Ne4 18. Rad1 h6 19. c5 Nc3 20. Rd2 Nd5 21.
Rc2 Kd7 22. a3 Ra8 23. Re1 Rhc8 24. Nd4 h5 25. Rd1 Rh8 26. g3 h4 27. Kg2 Rh5
28. Re1 Rah8 29. g4 R5h7 30. Kf3 Bh6 31. b4 a6 32. Rb1 Ra8 33. a4 Rhh8 34. b5
axb5 35. axb5 Ra3+ 36. Kg2 h3+ 37. Kf1 cxb5 38. Nxb5 Rha8 39. Nxa3 Rxa3 40.
Rxb7+ Kc6 41. Rb1 Bf4 42. Rcb2 Nc3 43. Rb6+ Kd5 44. Rc1 Bxc1 45. c6 Bf4 46. f3
Be3 0-1

[Event "Campeonato Brasileiro Amador 2016 U2000"]
[Site "Esporte Clube Pinheiros"]
[Date "2016.05.28"]
[Round "5.19"]
[White "Duailibe, Ricardo Miguel"]
[Black "De Borba, Gabriel"]
[Result "1-0"]
[WhiteElo "1900"]
[BlackElo "1864"]
[PlyCount "95"]
[EventDate "2016.05.26"]

1. e4 c5 2. Nf3 e6 3. d3 d5 4. Nbd2 Nc6 5. g3 Nf6 6. Bg2 Be7 7. O-O O-O 8. Re1
dxe4 9. dxe4 Qc7 10. c3 b6 11. a4 Bb7 12. Qc2 Rad8 13. Nc4 Ba6 14. Bf4 Qc8 15.
b3 h6 16. h4 Rfe8 17. Bh3 Bf8 18. Kh2 Nh5 19. e5 Bxc4 20. bxc4 Nxf4 21. gxf4
Qd7 22. Rad1 Qc7 23. Nd2 Qe7 24. Nf3 Rxd1 25. Rxd1 Rd8 26. Rxd8 Qxd8 27. Qe4
Na5 28. Bf1 Qd1 29. Bd3 g6 30. h5 Bg7 31. hxg6 fxg6 32. Kg3 g5 33. fxg5 hxg5
34. Qa8+ Bf8 35. Qd8 Qc1 36. Qxg5+ Qxg5+ 37. Nxg5 Bg7 38. f4 Nc6 39. Nxe6 Nxe5
40. fxe5 Bxe5+ 41. Kf3 Kf7 42. Nd8+ Ke8 43. Nc6 Bxc3 44. Nxa7 Kd7 45. Ke4 Ba1
46. Kd5 Bh8 47. Nb5 Bg7 48. Bf5+ 1-0

[Event "Campeonato Brasileiro Amador 2016 U2000"]
[Site "Esporte Clube Pinheiros"]
[Date "2016.05.28"]
[Round "5.20"]
[White "Leon Lopes, Sergio Amadeus"]
[Black "Vieira, Alexandre Letizio"]
[Result "1-0"]
[WhiteElo "1885"]
[BlackElo "1859"]
[PlyCount "105"]
[EventDate "2016.05.26"]

1. c4 c5 2. Nc3 Nc6 3. g3 b6 4. Bg2 Bb7 5. e3 Nf6 6. Nge2 Na5 7. Bxb7 Nxb7 8.
Nf4 g6 9. O-O Bg7 10. Qf3 Na5 11. b3 h5 12. h4 Nc6 13. Bb2 Ng4 14. Rad1 O-O 15.
Na4 Bxb2 16. Nxb2 e6 17. d4 Qf6 18. Qe4 cxd4 19. exd4 Rfe8 20. Qd3 Ne7 21. Na4
Nf5 22. Ng2 d6 23. Nc3 Rad8 24. a4 e5 25. Nd5 Qg7 26. dxe5 Nxe5 27. Qc3 Rc8 28.
Ngf4 Ng4 29. Qxg7+ Kxg7 30. Rd2 Re5 31. Kg2 Rce8 32. Nc7 Rc8 33. Nb5 Nge3+ 34.
fxe3 Nxe3+ 35. Kf2 Nxf1 36. Kxf1 Re3 37. Rd3 Rxd3 38. Nxd3 a6 39. Nc3 a5 40.
Nd5 Rb8 41. N3f4 Rb7 42. Ne2 f6 43. Nd4 g5 44. Nf5+ Kg6 45. Nxd6 Rd7 46. Nc8
gxh4 47. gxh4 Kf5 48. Ncxb6 Rg7 49. c5 Rg3 50. c6 Rxb3 51. c7 Rb1+ 52. Ke2 Rc1
53. Nc4 1-0

[Event "Campeonato Brasileiro Amador 2016 U2000"]
[Site "Esporte Clube Pinheiros"]
[Date "2016.05.28"]
[Round "5.21"]
[White "Reboucas, Deive Pacheco"]
[Black "Hara, Aroldo Hiroiuqui"]
[Result "0-1"]
[WhiteElo "1882"]
[BlackElo "1822"]
[PlyCount "128"]
[EventDate "2016.05.26"]

1. d4 Nf6 2. Nf3 d5 3. b3 Bg4 4. Nbd2 e6 5. Bb2 Bd6 6. c4 c6 7. h3 Bh5 8. g4
Bg6 9. Bg2 h6 10. O-O Nbd7 11. Ne5 Qe7 12. Nxg6 fxg6 13. Qc2 Qf7 14. e4 dxe4
15. Nxe4 Nxe4 16. Qxe4 O-O 17. Rae1 Rae8 18. Bc1 g5 19. Qd3 Nf6 20. f4 gxf4 21.
Bxf4 Bxf4 22. Rxf4 Qd7 23. Qe3 Rf7 24. h4 Rfe7 25. Qe5 Qc7 26. g5 hxg5 27. Qxc7
Rxc7 28. hxg5 Nh5 29. Rfe4 Rce7 30. Kh2 g6 31. Kh3 Ng7 32. Kg4 Nf5 33. Kf4 Kf7
34. Ke5 Rh8 35. Rh1 Ree8 36. Bh3 Rh5 37. Bg2 Rxg5 38. Rh7+ Ng7+ 39. Kd6 Rxg2
40. Rf4+ Kg8 41. Rh1 Nf5+ 42. Kd7 Re7+ 43. Kd8 Rf7 44. Re4 Ng3 45. Rg4 Nxh1 46.
Rxg2 Kg7 47. a4 Nf2 48. Kc8 b6 49. Rg5 Ne4 50. Re5 Nd6+ 51. Kd8 Kf6 52. Re3 g5
53. c5 bxc5 54. dxc5 Nf5 55. Re1 g4 56. b4 a6 57. b5 axb5 58. axb5 cxb5 59. c6
Rf8+ 60. Kd7 Rf7+ 61. Kd8 Rg7 62. Rb1 g3 63. Rxb5 Nd4 64. Rb7 Nxc6+ 0-1

[Event "Campeonato Brasileiro Amador 2016 U2000"]
[Site "Esporte Clube Pinheiros"]
[Date "2016.05.28"]
[Round "5.22"]
[White "Gomes, Carlos Henrique Cald"]
[Black "Silva, Vinicius Parente"]
[Result "0-1"]
[WhiteElo "1835"]
[BlackElo "1874"]
[PlyCount "64"]
[EventDate "2016.05.26"]

1. d4 Nf6 2. c4 c5 3. d5 e6 4. Nc3 exd5 5. cxd5 d6 6. e4 g6 7. Nf3 Bg7 8. h3
O-O 9. Bd3 a6 10. a4 Nbd7 11. Bg5 h6 12. Be3 Re8 13. O-O Qc7 14. b3 Rb8 15. Rc1
Nh5 16. Qd2 Kh7 17. g4 Nhf6 18. g5 Nh5 19. gxh6 Ne5 20. Ng5+ Kg8 21. hxg7 f6
22. f4 Nxd3 23. Qxd3 fxg5 24. e5 Bf5 25. Ne4 Qxg7 26. e6 Ng3 27. Bxc5 Nxe4 28.
Bd4 Qh7 29. Qe3 Rbc8 30. fxg5 Qh4 31. Bf6 Bxh3 32. Rxc8 Qg4+ 0-1

[Event "Campeonato Brasileiro Amador 2016 U2000"]
[Site "Esporte Clube Pinheiros"]
[Date "2016.05.28"]
[Round "5.23"]
[White "Bonvini, Alberto Tonhati"]
[Black "Hoshino, Karen"]
[Result "1-0"]
[WhiteElo "1871"]
[BlackElo "1744"]
[PlyCount "121"]
[EventDate "2016.05.26"]

1. e4 e6 2. d4 d5 3. Nd2 c5 4. exd5 Qxd5 5. Ngf3 cxd4 6. Bc4 Qd6 7. O-O Nc6 8.
Nb3 Be7 9. Nbxd4 Nxd4 10. Nxd4 a6 11. c3 Nf6 12. Qf3 O-O 13. Re1 Qc7 14. Bb3
Bd6 15. h3 b6 16. Bg5 Bb7 17. Qd3 Nd7 18. Bc2 g6 19. Rad1 Nc5 20. Qd2 Be7 21.
b4 Bxg5 22. Qxg5 Nd7 23. Bb3 Qxc3 24. Re3 Qxb4 25. Nxe6 Nc5 26. Nxf8 Rxf8 27.
Qe7 Bc6 28. Rd8 Rxd8 29. Qxd8+ Kg7 30. Qc7 Nxb3 31. Qe5+ Kg8 32. Rxb3 Qe4 33.
Qxe4 Bxe4 34. Rxb6 Bd3 35. a4 Kf8 36. g4 Ke7 37. g5 Bc4 38. f4 Kf8 39. h4 Kg7
40. a5 h6 41. Kf2 hxg5 42. hxg5 Kf8 43. Ke3 Ke7 44. Kd4 Bf1 45. Kd5 Kd8 46. Kc5
Ke7 47. Kc6 Ke6 48. Kb7+ Kd7 49. Rf6 Bc4 50. Kb6 Ke7 51. Kb7 Kd7 52. Rxa6 Bxa6+
53. Kxa6 Kc6 54. Ka7 Kc7 55. a6 Kc8 56. Kb6 Kb8 57. a7+ Ka8 58. Ka6 f5 59. gxf6
g5 60. f7 gxf4 61. f8=R# 1-0

[Event "Campeonato Brasileiro Amador 2016 U2000"]
[Site "Esporte Clube Pinheiros"]
[Date "2016.05.28"]
[Round "5.24"]
[White "Zeituni, Carlos Alberto"]
[Black "Filgueiras, Nathan Felipe"]
[Result "0-1"]
[WhiteElo "1829"]
[BlackElo "1838"]
[PlyCount "56"]
[EventDate "2016.05.26"]

1. e4 c5 2. Nf3 Nc6 3. Nc3 g6 4. Bc4 Bg7 5. O-O a6 6. a4 e6 7. d3 Nf6 8. Bg5 h6
9. Be3 d5 10. exd5 exd5 11. Nxd5 Nxd5 12. Bxc5 Be6 13. Re1 Qd7 14. d4 Bf8 15.
Ba2 Bxc5 16. c4 Nc7 17. d5 O-O 18. Qd2 Bg4 19. dxc6 Qxd2 20. Nxd2 bxc6 21. Ne4
Be7 22. f3 Be6 23. b3 Kg7 24. Rad1 Rfd8 25. Kf1 Bb4 26. Rxd8 Rxd8 27. Re2 Rd1+
28. Kf2 f5 0-1

[Event "Campeonato Brasileiro Amador 2016 U2000"]
[Site "Esporte Clube Pinheiros"]
[Date "2016.05.28"]
[Round "5.26"]
[White "Lunelli, Neuri Antonio"]
[Black "Martinez, Marcio Eduardo"]
[Result "1-0"]
[WhiteElo "1800"]
[BlackElo "1779"]
[PlyCount "63"]
[EventDate "2016.05.26"]

1. d4 Nf6 2. Nf3 c6 3. g3 g6 4. Bg2 Bg7 5. O-O O-O 6. c4 d5 7. Nc3 e6 8. Bg5 h6
9. Bf4 Nbd7 10. Re1 Re8 11. Qc2 dxc4 12. e4 b5 13. Rad1 Nb6 14. Ne5 Bb7 15. Qd2
g5 16. Be3 a6 17. f4 Nh7 18. Qf2 Nd7 19. fxg5 Nxe5 20. dxe5 Qc7 21. gxh6 Bxe5
22. Rf1 Kh8 23. Bb6 Qe7 24. Bc5 Qf6 25. Bd6 Qxf2+ 26. Rxf2 Bxd6 27. Rxd6 Re7
28. e5 Rc8 29. Rfd2 Nf8 30. Ne4 c5 31. Rd8 Re8 32. Rxe8 1-0

[Event "Campeonato Brasileiro Amador 2016 U2000"]
[Site "Esporte Clube Pinheiros"]
[Date "2016.05.28"]
[Round "5.27"]
[White "Aoyama, Edmundo"]
[Black "Weise, William Ferreira"]
[Result "1-0"]
[WhiteElo "1797"]
[BlackElo "1860"]
[PlyCount "73"]
[EventDate "2016.05.26"]

1. Nf3 e6 2. c4 d5 3. cxd5 exd5 4. d4 Bd6 5. Nc3 c6 6. e4 dxe4 7. Nxe4 Bg4 8.
Be2 Qc7 9. Nxd6+ Qxd6 10. O-O Nd7 11. Be3 O-O-O 12. Qa4 Kb8 13. d5 Nb6 14. Bxb6
axb6 15. Qxg4 Nf6 16. Qg3 Qxg3 17. hxg3 Nxd5 18. Bc4 b5 19. Bxd5 Rxd5 20. Rfd1
Rhd8 21. Rxd5 cxd5 22. Rd1 Kc7 23. Nd4 Kb6 24. Kf1 b4 25. b3 Kc5 26. Nf3 Ra8
27. Rd2 Ra6 28. Ke2 Kd6 29. Kd3 Rc6 30. Rc2 Ra6 31. Nd4 Kd7 32. Nf5 g6 33. Nd4
Ra5 34. Ne2 Ra6 35. Nc1 Rf6 36. Kd4 Rf5 37. Nd3 1-0

[Event "Campeonato Brasileiro Amador 2016 U2000"]
[Site "Esporte Clube Pinheiros"]
[Date "2016.05.28"]
[Round "5.28"]
[White "Da Silva, Wagner Afonso"]
[Black "Jenidarchiche, Douglas Rodrigo"]
[Result "1-0"]
[WhiteElo "1979"]
[BlackElo "1792"]
[PlyCount "91"]
[EventDate "2016.05.26"]

1. d4 Nf6 2. c4 g6 3. Nc3 Bg7 4. e4 d6 5. f3 O-O 6. Be3 Nbd7 7. Bd3 e5 8. d5 a5
9. Nge2 Nc5 10. Bxc5 dxc5 11. O-O Ne8 12. f4 Nd6 13. f5 gxf5 14. exf5 Qg5 15.
Ng3 f6 16. Qe2 b6 17. Nge4 Qh6 18. Nxd6 cxd6 19. Nb5 Rd8 20. Nc7 Ra7 21. Ne6
Bxe6 22. fxe6 Bf8 23. Rf3 Rg7 24. Raf1 Be7 25. Bf5 Qh4 26. Rh3 Qg5 27. Rh5 Kh8
28. Rxg5 Rxg5 29. Qe4 Rdg8 30. g4 h5 31. h3 hxg4 32. hxg4 Kg7 33. Kf2 Kf8 34.
Rh1 R5g7 35. Kf3 Bd8 36. Rh7 Ke8 37. Qc2 Rxh7 38. Bxh7 Rg7 39. Qa4+ Kf8 40. Bf5
Re7 41. Qc6 Bc7 42. Qa8+ Re8 43. Qc6 Re7 44. Bg6 Kg7 45. Bf7 Bb8 46. Qc8 1-0

[Event "Campeonato Brasileiro Amador 2016 U2000"]
[Site "Esporte Clube Pinheiros"]
[Date "2016.05.28"]
[Round "5.29"]
[White "Lima, Eduardo Augusto Fabr"]
[Black "Passos Coutinho, Eduardo"]
[Result "1/2-1/2"]
[WhiteElo "1957"]
[BlackElo "1790"]
[PlyCount "73"]
[EventDate "2016.05.26"]

1. d4 Nf6 2. c4 e6 3. Nc3 Bb4 4. Qc2 c5 5. e3 O-O 6. a3 cxd4 7. exd4 Bxc3+ 8.
Qxc3 Ne4 9. Qc2 f5 10. Bd3 d5 11. Nf3 Nc6 12. O-O Qb6 13. c5 Qc7 14. b4 a6 15.
Rb1 Bd7 16. a4 Ne7 17. g3 Ng6 18. Kg2 Bc6 19. b5 axb5 20. axb5 Bd7 21. Bd2 Nxd2
22. Qxd2 e5 23. dxe5 Nxe5 24. Nxe5 Qxe5 25. Rfe1 Qd4 26. Re7 Rf7 27. Rxf7 Kxf7
28. Qc2 g6 29. Rb3 Rc8 30. Rc3 Kg7 31. c6 bxc6 32. bxc6 Rxc6 33. Rxc6 Bxc6 34.
Qxc6 Qxd3 35. Qc7+ Kh6 36. Qf4+ Kg7 37. Qc7+ 1/2-1/2

[Event "Campeonato Brasileiro Amador 2016 U2000"]
[Site "Esporte Clube Pinheiros"]
[Date "2016.05.28"]
[Round "5.30"]
[White "Lisboa Torres, Eduardo"]
[Black "Reis, Virginia Lagrange M"]
[Result "0-1"]
[WhiteElo "1925"]
[BlackElo "1776"]
[PlyCount "36"]
[EventDate "2016.05.26"]

1. d4 Nf6 2. c4 c5 3. d5 b5 4. cxb5 a6 5. bxa6 g6 6. Nc3 Bxa6 7. Nf3 d6 8. g3
Bg7 9. Bg2 O-O 10. O-O Nbd7 11. Re1 Ng4 12. Qc2 Nge5 13. Nxe5 Nxe5 14. f4 Nc4
15. b3 Qa5 16. bxc4 Bxc3 17. Bb2 Bxe1 18. Rd1 Rfb8 0-1

[Event "Campeonato Brasileiro Amador 2016 U2000"]
[Site "Esporte Clube Pinheiros"]
[Date "2016.05.28"]
[Round "5.31"]
[White "Campos, Westerley Batista"]
[Black "Arruda Filho, Ivo Pereira De"]
[Result "0-1"]
[WhiteElo "1744"]
[BlackElo "1827"]
[PlyCount "74"]
[EventDate "2016.05.26"]

1. d4 Nf6 2. Bf4 e6 3. Nf3 b6 4. e3 Bb7 5. Nbd2 Be7 6. Ne5 O-O 7. Rg1 d6 8. Nd3
c5 9. c3 Nbd7 10. g4 Nd5 11. Bg3 cxd4 12. cxd4 Rc8 13. Bg2 Bg5 14. Bxd6 Re8 15.
Bxd5 Bxd5 16. Ne5 Nf6 17. Ba3 Nd7 18. Ndf3 Bf6 19. Nxd7 Qxd7 20. g5 Bxf3 21.
Qxf3 Be7 22. Bxe7 Qxe7 23. Qe2 Rc6 24. Rd1 Rec8 25. Qb5 a6 26. Qb3 Qc7 27. Rg3
Rc2 28. e4 Qb7 29. Re3 Qc6 30. Kf1 a5 31. a4 Qc7 32. Kg1 Qf4 33. Rf1 Qg4+ 34.
Kh1 Rxf2 35. Rg1 Rc1 36. Reg3 Qxe4+ 37. Qf3 Rxg1+ 0-1

[Event "Campeonato Brasileiro Amador 2016 U2000"]
[Site "Esporte Clube Pinheiros"]
[Date "2016.05.28"]
[Round "5.33"]
[White "Gomes, Marco Tulio Caldeira"]
[Black "Sato, Luiz Henrique Yuzo T"]
[Result "1-0"]
[WhiteElo "1821"]
[BlackElo "1407"]
[PlyCount "95"]
[EventDate "2016.05.26"]

1. e4 e5 2. Nf3 Nf6 3. Nxe5 d6 4. Nf3 Nxe4 5. d4 d5 6. Bd3 Nf6 7. O-O Bg4 8. h3
Bh5 9. Bg5 h6 10. Re1+ Be7 11. Bxf6 gxf6 12. Qe2 Nc6 13. Bb5 Kf8 14. c3 Bd6 15.
Nbd2 Qe8 16. Qd3 Qd7 17. Nh4 Re8 18. Ndf3 Rg8 19. Rxe8+ Kxe8 20. Qe3+ Kd8 21.
Qxh6 Bg6 22. Nxg6 fxg6 23. Bd3 Qf7 24. Re1 Ne7 25. Qe3 Re8 26. b3 c6 27. c4 Nf5
28. Qd2 Qd7 29. c5 Bc7 30. Re2 b6 31. b4 Re7 32. Qe1 Rxe2 33. Qxe2 g5 34. a4
bxc5 35. bxc5 Qc8 36. Kf1 Ba5 37. Qc2 Ne7 38. Qe2 Bc3 39. Qc2 Ba5 40. Qe2 Bc3
41. g4 Qd7 42. Qc2 Ba5 43. Qe2 Bc3 44. Bc2 Qc8 45. Qd3 Ba5 46. Qe3 Qd7 47. Qd3
Kc7 48. Qa6 1-0

[Event "Campeonato Brasileiro Amador 2016 U2000"]
[Site "Esporte Clube Pinheiros"]
[Date "2016.05.28"]
[Round "5.34"]
[White "Sato, Claudio Takeshi"]
[Black "Caporale, Giuseppe Guido"]
[Result "1-0"]
[WhiteElo "1464"]
[BlackElo "1738"]
[PlyCount "71"]
[EventDate "2016.05.26"]

1. e4 d6 2. d4 Nf6 3. Bd3 e5 4. c3 Nbd7 5. Ne2 c6 6. O-O Be7 7. f4 exd4 8. cxd4
O-O 9. Kh1 a5 10. Ng3 a4 11. Nc3 b5 12. a3 Qb6 13. e5 Nd5 14. Nxd5 cxd5 15. Be3
dxe5 16. fxe5 Nxe5 17. dxe5 Qxe3 18. Re1 Qb6 19. Qe2 b4 20. Qf3 Be6 21. Nf5
Bxf5 22. Qxf5 g6 23. Qg4 b3 24. e6 f5 25. Qf3 Ra5 26. Rad1 Rf6 27. Re5 Qd4 28.
Qe2 Qb6 29. Bb1 Qc6 30. Re3 Rc5 31. Qe1 Kf8 32. Bd3 Bd6 33. Qh4 Kg7 34. e7 Qe8
35. Rde1 Rc7 36. Bb5 1-0

[Event "Campeonato Brasileiro Amador 2016 U2000"]
[Site "Esporte Clube Pinheiros"]
[Date "2016.05.28"]
[Round "6.1"]
[White "Ikejiri, Daniel Yoshito"]
[Black "Milanez, Eduardo Medeiros"]
[Result "0-1"]
[WhiteElo "1965"]
[BlackElo "1885"]
[PlyCount "174"]
[EventDate "2016.05.26"]

1. e4 c6 2. d4 d5 3. exd5 cxd5 4. c4 Nf6 5. Nc3 e6 6. Nf3 Be7 7. Bd3 dxc4 8.
Bxc4 O-O 9. O-O Nc6 10. a3 b6 11. Bg5 Nd5 12. Bxe7 Ncxe7 13. Rc1 Bb7 14. Ne2
Rc8 15. Qd3 Nf6 16. Ba2 Qd6 17. Ne5 Bd5 18. Bxd5 Nexd5 19. Nc4 Qb8 20. Ne5 Qb7
21. h3 Rxc1 22. Rxc1 Rc8 23. Rxc8+ Qxc8 24. Nc3 h6 25. g3 Ne7 26. Kh2 Nfd5 27.
Qf3 f6 28. Nxd5 Nxd5 29. Ng6 Qe8 30. Nh4 g5 31. Ng2 Kg7 32. Qd3 Qd7 33. Ne1 Ne7
34. Nc2 Nd5 35. Ne3 Nxe3 36. fxe3 f5 37. Qc3 Kg6 38. Qc4 h5 39. h4 gxh4 40.
gxh4 Qe7 41. Kh3 Kf6 42. Qc8 Kg7 43. Qb8 Qf7 44. Qe5+ Kh7 45. Qd6 Kg7 46. Qd8
Kh7 47. Qg5 Kh8 48. Kg3 Qc7+ 49. Qf4 Qf7 50. Qh6+ Kg8 51. Qg5+ Kh7 52. Kf2 Kh8
53. Ke2 Qe8 54. Kd2 a5 55. Kc3 Qc6+ 56. Kd2 Qe8 57. Qf6+ Kh7 58. d5 Qd7 59.
Qxe6 Qxe6 60. dxe6 Kg6 61. Kd3 Kf6 62. e7 Kxe7 63. Kd4 Kd6 64. a4 Ke6 65. Kc4
Ke5 66. Kd3 Kd5 67. b3 Ke5 68. Ke2 Ke4 69. Kf2 f4 70. exf4 Kxf4 71. Kg2 Kg4 72.
Kf2 Kxh4 73. Kf3 Kg5 74. Ke4 h4 75. Kd5 h3 76. Kc6 h2 77. Kxb6 h1=Q 78. Kxa5
Qa8+ 79. Kb5 Qb7+ 80. Kc4 Qc6+ 81. Kb4 Qb6+ 82. Kc4 Kf5 83. b4 Ke5 84. a5 Qc6+
85. Kb3 Qb5 86. Ka3 Kd4 87. Kb3 Kd3 0-1

[Event "Campeonato Brasileiro Amador 2016 U2000"]
[Site "Esporte Clube Pinheiros"]
[Date "2016.05.28"]
[Round "6.2"]
[White "Rocha, Arthur Ferreira"]
[Black "Hirota Da Silva, Nilton"]
[Result "0-1"]
[WhiteElo "1962"]
[BlackElo "1946"]
[PlyCount "136"]
[EventDate "2016.05.26"]

1. e4 c6 2. d4 d6 3. Nf3 Nd7 4. Be3 e6 5. Nbd2 Ngf6 6. h3 Be7 7. Bd3 O-O 8. c3
e5 9. Qc2 c5 10. d5 a6 11. a4 Re8 12. g4 Nf8 13. a5 Ng6 14. Nc4 Rb8 15. b4 Nd7
16. bxc5 Nxc5 17. Rb1 Nh4 18. Nxh4 Bxh4 19. Rb6 Be7 20. f3 Qc7 21. O-O Bd7 22.
Nb2 Rbc8 23. Rc1 Qb8 24. Bxc5 Rxc5 25. Bxa6 Rxa5 26. Rxb7 Qa8 27. Rxd7 Qxa6 28.
Qd3 Qb6+ 29. Kf1 Qxb2 30. Rb1 Ra1 31. Rb7 Rxb1+ 32. Qxb1 Qxb1+ 33. Rxb1 f6 34.
Ke2 Ra8 35. Rb7 Kf7 36. c4 Ke8 37. Rb3 Ra2+ 38. Kd3 g5 39. Rb8+ Kf7 40. Rb7
Ra3+ 41. Kd2 Ra4 42. Kc3 Ra3+ 43. Kb2 Ra5 44. Kb3 Rc5 45. Kb4 Rc8 46. Kb5 Ke8
47. Ra7 Kd8 48. Rb7 Rc7 49. Rb8+ Kd7 50. Rh8 Rb7+ 51. Ka4 Rb1 52. Rxh7 Rf1 53.
Rh8 Rxf3 54. Ra8 Re3 55. Ra7+ Ke8 56. Kb5 Rxe4 57. Ra4 Re1 58. Kc6 Rc1 59. Ra8+
Kf7 60. Rh8 Bf8 61. Kd7 Kg7 62. Rh5 Rxc4 63. Ke6 e4 64. h4 gxh4 65. g5 Kg6 66.
Rh8 Bg7 67. Rxh4 fxg5 68. Rg4 Be5 0-1

[Event "Campeonato Brasileiro Amador 2016 U2000"]
[Site "Esporte Clube Pinheiros"]
[Date "2016.05.28"]
[Round "6.3"]
[White "Pritsopoulos, Constantino"]
[Black "Da Silva, Mikhail Zoltan Iwano"]
[Result "1-0"]
[WhiteElo "1954"]
[BlackElo "1939"]
[PlyCount "103"]
[EventDate "2016.05.26"]

1. e4 c5 2. Nf3 d6 3. d4 cxd4 4. Qxd4 Nc6 5. Bb5 Bd7 6. Bxc6 Bxc6 7. Nc3 Nf6 8.
Bg5 e6 9. O-O-O Be7 10. Rhe1 Qa5 11. Kb1 O-O 12. Qd2 Qc7 13. Nd4 Rfd8 14. f3 a6
15. g4 b5 16. Nxc6 Qxc6 17. Ne2 b4 18. Qxb4 Rab8 19. Qc3 Qb5 20. Bc1 Rdc8 21.
Qd3 Qb6 22. b3 Nd7 23. Bb2 Nc5 24. Qd4 e5 25. Qf2 a5 26. Nc3 Qd8 27. Qe2 a4 28.
Rd5 axb3 29. cxb3 Qb6 30. Red1 h6 31. R5d2 Qb7 32. Nd5 Bf8 33. Ne3 Qa7 34. Nc4
Ra8 35. Ba3 d5 36. Bxc5 Bxc5 37. Rxd5 f6 38. Nd6 Rcb8 39. R1d2 Rxb3+ 40. axb3
Qa1+ 41. Kc2 Qa2+ 42. Kc3 Bd4+ 43. R5xd4 exd4+ 44. Kxd4 Qa7+ 45. Kc3 Qa5+ 46.
b4 Qa3+ 47. Kc4 Ra7 48. Nb5 Qa6 49. Rd6 Rc7+ 50. Kb3 Rc6 51. Rxc6 Qxc6 52. Qc4+
1-0

[Event "Campeonato Brasileiro Amador 2016 U2000"]
[Site "Esporte Clube Pinheiros"]
[Date "2016.05.28"]
[Round "6.4"]
[White "Rodrigo Da Silva, Edson"]
[Black "Polonio, Rodolfo"]
[Result "1-0"]
[WhiteElo "1946"]
[BlackElo "1952"]
[PlyCount "127"]
[EventDate "2016.05.26"]

1. d4 Nf6 2. c4 e6 3. Nc3 Bb4 4. e3 O-O 5. Bd3 c5 6. a3 Bxc3+ 7. bxc3 Nc6 8.
Ne2 d6 9. e4 e5 10. d5 Ne7 11. O-O Ng6 12. f4 exf4 13. Nxf4 Ne5 14. Ne2 Nfg4
15. h3 Nxd3 16. Qxd3 Ne5 17. Qg3 Qe7 18. Nf4 Nxc4 19. Re1 Bd7 20. Nd3 f6 21.
Ra2 Rae8 22. Bf4 Ne5 23. Nxe5 fxe5 24. Be3 Bb5 25. Rf2 Rxf2 26. Bxf2 Rf8 27.
Qe3 Bc4 28. Qd2 b5 29. Re3 Qg5 30. Qe1 Qh5 31. Rg3 Rf6 32. Qd2 Rg6 33. Rxg6
Qxg6 34. Qe3 h6 35. Kh2 a5 36. Be1 a4 37. h4 Ba2 38. Qd3 Bc4 39. Qf3 Bb3 40.
Qe2 Kh7 41. Kh3 Bc4 42. Qf3 Ba2 43. h5 Qg5 44. Bh4 Qf4 45. Qxf4 exf4 46. Kg4 g5
47. hxg6+ Kxg6 48. Kxf4 Kf7 49. Kf5 Bb1 50. g4 Bc2 51. Bg3 Ke7 52. Bf4 b4 53.
cxb4 cxb4 54. axb4 a3 55. Bxh6 a2 56. Bg7 Bd3 57. g5 Kf7 58. Bf6 Bc4 59. g6+
Kf8 60. Ke6 Bd3 61. g7+ Kg8 62. Kxd6 Bxe4 63. b5 Kf7 64. Be5 1-0

[Event "Campeonato Brasileiro Amador 2016 U2000"]
[Site "Esporte Clube Pinheiros"]
[Date "2016.05.28"]
[Round "6.5"]
[White "Yoshioka, Andre"]
[Black "Da Silva Junior, Sediney Mari"]
[Result "1/2-1/2"]
[WhiteElo "1882"]
[BlackElo "1998"]
[PlyCount "69"]
[EventDate "2016.05.26"]

1. d4 f5 2. Bg5 d5 3. e3 Nf6 4. Bxf6 exf6 5. Nf3 Be6 6. Bd3 Bd6 7. Nbd2 O-O 8.
c4 c6 9. O-O f4 10. e4 Bg4 11. cxd5 cxd5 12. Qb3 Be6 13. exd5 Bf7 14. Qxb7 Nd7
15. Bf5 Nb6 16. Be6 Rb8 17. Qc6 Bb4 18. Rfd1 Nxd5 19. Rac1 Kh8 20. a3 Bxd2 21.
Rxd2 g5 22. Qxd5 Qxd5 23. Bxd5 Bxd5 24. h3 Rb3 25. Rc5 Rd8 26. Ne1 Rd7 27. Nd3
Kg7 28. Nb4 Be4 29. f3 Bb7 30. d5 Kf7 31. Kf2 Re3 32. Ra5 Ba8 33. Re2 Rb3 34.
Rc5 h5 35. Ra5 1/2-1/2

[Event "Campeonato Brasileiro Amador 2016 U2000"]
[Site "Esporte Clube Pinheiros"]
[Date "2016.05.28"]
[Round "6.6"]
[White "Ferreira Jr, Walter"]
[Black "Almeida Junior, Waldomiro Carl"]
[Result "1-0"]
[WhiteElo "1954"]
[BlackElo "1872"]
[PlyCount "121"]
[EventDate "2016.05.26"]

1. e4 Nc6 2. Nf3 e5 3. Bb5 a6 4. Ba4 Nf6 5. d3 b5 6. Bb3 Bc5 7. c3 d6 8. h3 O-O
9. O-O h6 10. Nbd2 Bb7 11. Re1 Nh5 12. Nf1 Nf4 13. d4 Ba7 14. Ng3 Qf6 15. Bxf4
exf4 16. Nh5 Qd8 17. Nxf4 Kh8 18. Nh2 b4 19. Qh5 Qg5 20. Qf3 bxc3 21. bxc3 Ne7
22. Qg4 f5 23. exf5 Rxf5 24. g3 Nd5 25. Ng6+ Kh7 26. Nh4 Rf6 27. Qe4+ Kh8 28.
Ng4 Rxf2 29. Ng6+ Qxg6 30. Qxg6 Rg2+ 31. Kxg2 Nf4+ 32. Kh2 Nxg6 33. Bf7 Nf8 34.
Re8 Rxe8 35. Bxe8 Ne6 36. h4 Bf3 37. Kh3 c5 38. dxc5 Bxc5 39. Bg6 Nf8 40. Bd3
h5 41. Nh2 Bd5 42. Bxa6 Nd7 43. Be2 g6 44. a4 Nf6 45. Bf3 Ne4 46. Bxe4 Bxe4 47.
a5 Kg7 48. a6 Ba7 49. Re1 d5 50. Nf1 Kf6 51. Nd2 Ke5 52. Nxe4 dxe4 53. Kg2 Kd5
54. Rb1 Kc4 55. Rb7 Bc5 56. Rc7 Kxc3 57. Rxc5+ Kd2 58. a7 e3 59. a8=Q e2 60.
Rd5+ Kc2 61. Qc6+ 1-0

[Event "Campeonato Brasileiro Amador 2016 U2000"]
[Site "Esporte Clube Pinheiros"]
[Date "2016.05.28"]
[Round "6.7"]
[White "Rapouso, Ricardo Luis Borba"]
[Black "Da Silva, Angelo Luiz"]
[Result "1-0"]
[WhiteElo "1937"]
[BlackElo "1879"]
[PlyCount "59"]
[EventDate "2016.05.26"]

1. d4 Nf6 2. c4 e5 3. dxe5 Ng4 4. Bf4 Nc6 5. Nf3 Bb4+ 6. Nc3 Qe7 7. Qd5 f6 8.
exf6 Nxf6 9. Qd3 O-O 10. g3 d6 11. Bg2 Ne4 12. O-O Bxc3 13. bxc3 Nc5 14. Qd2
Be6 15. Nd4 Bxc4 16. Nxc6 bxc6 17. Bxc6 Rab8 18. Bd5+ Bxd5 19. Qxd5+ Kh8 20.
Be3 Ne4 21. Qc6 Nf6 22. Rab1 Rxb1 23. Rxb1 Ng4 24. Bd4 Qxe2 25. Qxc7 Ne5 26.
Qxa7 Nf3+ 27. Kg2 Nh4+ 28. Kg1 Nf3+ 29. Kh1 Rg8 30. Qxg7+ 1-0